000 00645cam a2200193 a 4500
001 000004237
005 20241204113952.0
008 791005s1970 mx a 001 0 spa
040 _aDO-SdBNP
_bspa
_cBNPHU
082 _a796.35
_bA733c
100 1 _aArmour, Tommy.
_912525
240 1 0 _aHow to play your best golf all the time.
_lEspañol
245 1 0 _aCómo jugar siempre mejor golf /
_cTommy Armour; traducción de Armando Montes.
260 _aMéxico :
_bEditorial Diana ,
_c1970.
300 _a151 p. :
_bil. ;
_c23 cm.
500 _aIncluye glosario y notas sobre el autor
650 0 _aGolf
_912526
700 1 _aMontes, Armando,
_etr.
_912527
999 _c4051
_d4051